Vul de Kaart van Zuid-Amerika met Vlaggen - Statistieken

Algemene statistieken
  • Deze quiz is 5.242 keer genomen
  • De gemiddelde score is 9 van 12
Antwoorden op de kaart
Antwoorden kleurgecodeerd door een groen-rode schaal op de quizkaart volgens % correct hieronder.
 
Antwoordstatistieken
Antwoord % Correct
98%
93%
86%
77%
73%
71%
69%
67%
63%
62%
61%
58%
Geen overeenkomende quizzen gevonden
Scoreverdeling
Procent van Mensen met Elke Score
Percentiel versus Aantal Correcte Antwoorden
Uw Scoregeschiedenis
U heeft deze quiz nog niet genomen